World Capitals Containing E (with lists for clues) - Statistics

General Stats
  • This quiz has been taken 271 times
  • The average score is 171 of 197
Answer Stats
Answer % Correct
Abu Dhabi
100%
Abuja
100%
Accra
100%
Addis Ababa
100%
Amman
100%
Ankara
100%
Antananarivo
100%
Apia
100%
Ashgabat
100%
Asmara
100%
Astana
100%
Asunción
100%
Baghdad
100%
Baku
100%
Bamako
100%
Bangkok
100%
Bangui
100%
Banjul
100%
Bissau
100%
Bogotá
100%
Brasília
100%
Bratislava
100%
Bujumbura
100%
Cairo
100%
Caracas
100%
Chișinău
100%
Colombo
100%
Conakry
100%
Dakar
100%
Damascus
100%
Dhaka
100%
Dili
100%
Djibouti
100%
Dodoma
100%
Doha
100%
Dublin
100%
Funafuti
100%
Hanoi
100%
Havana
100%
Honiara
100%
Islamabad
100%
Jakarta
100%
Juba
100%
Kabul
100%
Kampala
100%
Kathmandu
100%
Khartoum
100%
Kigali
100%
Kingston
100%
Kingstown
100%
Kinshasa
100%
Kuala Lumpur
100%
Kuwait City
100%
La Paz
100%
Lima
100%
Lisbon
100%
Ljubljana
100%
London
100%
Luanda
100%
Lusaka
100%
Madrid
100%
Majuro
100%
Malabo
100%
Managua
100%
Manama
100%
Manila
100%
Maputo
100%
Minsk
100%
Mogadishu
100%
Monaco
100%
Monrovia
100%
Moroni
100%
Moscow
100%
Muscat
100%
Nairobi
100%
Nassau
100%
Naypyidaw
100%
Nicosia
100%
Nouakchott
100%
Nuku'alofa
100%
Oslo
100%
Ottawa
100%
Ouagadougou
100%
Palikir
100%
Panama City
100%
Paramaribo
100%
Paris
100%
Podgorica
100%
Port Louis
100%
Port-of-Spain
100%
Porto-Novo
100%
Port Vila
100%
Praia
100%
Pristina
100%
Pyongyang
100%
Quito
100%
Rabat
100%
Riga
100%
Riyadh
100%
Saint John's
100%
Sana'a
100%
San Marino
100%
San Salvador
100%
Santiago
100%
Santo Domingo
100%
Sofia
100%
South Tarawa
100%
Stockholm
100%
Suva
100%
Tallinn
100%
Tbilisi
100%
Thimphu
100%
Tirana
100%
Tokyo
100%
Tripoli
100%
Tunis
100%
Ulaanbaatar
100%
Vaduz
100%
Vatican City
100%
Victoria
100%
Vilnius
100%
Warsaw
100%
Washington
100%
Yamoussoukro
100%
Berlin
89%
Bern
87%
Helsinki
86%
Rome
85%
Amsterdam
82%
Athens
82%
Beijing
82%
Budapest
82%
Canberra
82%
Buenos Aires
81%
Bucharest
80%
Mexico City
80%
Wellington
80%
Brussels
79%
Andorra la Vella
78%
Copenhagen
78%
Montevideo
77%
Seoul
77%
Belgrade
76%
Reykjavik
76%
Cape Town
Bloemfontein Pretoria
75%
Georgetown
75%
Prague
75%
Valletta
75%
Vienna
75%
Algiers
74%
New Delhi
74%
Kiev
73%
Zagreb
72%
Jerusalem
71%
Luxembourg
71%
Tehran
71%
Sarajevo
70%
Port Moresby
65%
Skopje
64%
Port-au-Prince
63%
Beirut
61%
Freetown
61%
Guatemala City
61%
San José
61%
Singapore
61%
Yerevan
61%
Bridgetown
59%
Malé
59%
Tashkent
59%
Belmopan
58%
Harare
57%
Saint George's
57%
Tegucigalpa
57%
Vientiane
57%
Bishkek
55%
Sucre
53%
Yaren
53%
Basseterre
52%
Taipei
52%
Libreville
50%
Lomé
50%
Roseau
50%
Brazzaville
49%
Castries
49%
Dushanbe
49%
Phnom Penh
48%
Ngerulmud
46%
São Tomé
46%
Yaoundé
46%
Bandar Seri Begawan
45%
Gaborone
45%
Maseru
44%
Niamey
44%
Windhoek
42%
Lilongwe
40%
Mbabane
40%
N'Djamena
38%
No matching quizzes found
Score Distribution
Percent of People with Each Score
Percentile by Number Answered
Your Score History
You have not taken this quiz